Statistics for Landmarks Dubai

Click here to take the quiz!

General Stats

  • This quiz has been taken 43 times
  • The average score is 6 of 10

Answer Stats

Answer% Correct
Burj Khalifa
95%
Burj Al Arab
89%
Palm Jumeirah
78%
Atlantis
76%
The Frame
73%
Dubai Mall
59%
Ski Dubai
51%
Dubai Fountain
41%
Ain Dubai
24%
Emirates Towers
22%

Score Distribution

Percentile by Number Answered

Percent of People with Each Score

Your Score History

You have not taken this quiz